Spoleczno - finansowe aspekty rozwoju przedsiebiorstw

Na minha lista:
Detalhes bibliográficos
Outros Autores: Kudłaszyk, Andrzej, Rutkowska, Małgorzata
Formato: Livro
Idioma:polonês
Publicado em: Wroclaw Wyzsza szkola oficerska wojsk ladowych im. gen. Tadeusza Kościuszki 2004
Assuntos:
Tags: Adicionar Tag
Sem tags, seja o primeiro a adicionar uma tag!

MARC

LEADER 00000nam a2200000 4500
001 0151251
005 20240104134447.1
020 |a 83-87384-11-9 
041 0 |a pol 
044 |a PL 
245 1 0 |a Spoleczno - finansowe aspekty rozwoju przedsiebiorstw  |c pod redakcja Andrzeja Kudłaszyka, Małgorzaty Rutkowskiej 
264 1 |a Wroclaw  |b Wyzsza szkola oficerska wojsk ladowych im. gen. Tadeusza Kościuszki  |c 2004 
300 |a 208 s. 
610 2 0 |a rozvoj podniku 
610 2 0 |a poistenie sociálne 
610 2 0 |a ochrana prostredia životného 
610 2 0 |a právo európske 
610 2 0 |a Európska únia 
700 1 |a Kudłaszyk, Andrzej 
700 1 |a Rutkowska, Małgorzata